000 00888nam a2200289Ia 4500
003 OSt
005 20221006141134.0
006 a|||||r|||| 00| 0
007 ta
008 221006b |||||||| |||| 00| 0 eng d
024 _a1,422
037 _cDissertations
040 _aEASL
_cEASL
_beng
041 _2eng
_aeng
082 _a0000030, MUM
100 _aMumtaz Gangmei
_9644485
110 _aDelhi University. Social Sciences. Chinese and Japanese Studies
_9644486
245 0 _aEmanicipation of Chinese women (1949-56) K. R. Sharma
260 _c1983
300 _a162p.
_ccm.
490 _v Dis
500 _aBoth Acc. Nos. are of same dissertation
650 _aDiss
_9644487
700 _aDelhi University. Social Sciences. Chinese and Japanese Studies
_9644488
942 _h0000030, MUM
_cDIS
_2CC
999 _c1069508
_d1069508